000 00621nam a2200205 a 4500
001 000043134
005 20201002040649.0
008 140220s1995 sp 000 0 spa d
020 _a8448302435
040 _aDO-SdBNP
_bspa
_cBNPHU
041 1 7 _aeng
_hspa
082 _axxxx
_bxxx
100 1 _aNacache, Jacqueline,
_d1953-
_970687
240 1 0 _aLe film hollywoodien clasique
_lEspañol
245 1 3 _aEl cine de Hollywood /
_cJacqueline Nacache ; traducción de Carla Revuelta.
260 _aMadrid :
_bAcento,
_c1995.
300 _a95 p.
504 _aBibliografía : p. 94-95
700 1 2 _aRevuelta, Carla
_etr.
_970688
999 _c42623
_d42623